रोचक कथाएँ / (Record no. 56239)
[ view plain ]
| 000 -LEADER | |
|---|---|
| fixed length control field | 01175 aa a2200265 4500 |
| 005 - DATE AND TIME OF LATEST TRANSACTION | |
| control field | 2011090207587.0 |
| 008 - FIXED-LENGTH DATA ELEMENTS--GENERAL INFORMATION | |
| fixed length control field | 081224t xxu||||| |||| 00| 0 hin d |
| 010 ## - LCCN (DPL NO) | |
| LC control number | G-001186 |
| 020 ## - INTERNATIONAL STANDARD BOOK NUMBER | |
| International Standard Book Number | 8189364065 |
| Terms of availability | 100.00 |
| 035 ## - SYSTEM CONTROL NUMBER | |
| System control number | B-357180 |
| 037 ## - SOURCE OF ACQUISITION | |
| Source of stock number/acquisition | उपहार |
| 082 ## - DEWEY DECIMAL CLASSIFICATION NUMBER | |
| Classification number | क |
| 100 ## - MAIN ENTRY--PERSONAL NAME | |
| Personal name | आनन्द कुमार |
| 9 (RLIN) | 34221 |
| 245 ## - TITLE STATEMENT | |
| Title | रोचक कथाएँ / |
| Statement of responsibility, etc | आनन्द कुमार |
| 246 ## - VARYING FORM OF TITLE | |
| Title proper/short title | Rachak Kathayen |
| Remainder of title | by Anand Kumar |
| 260 ## - PUBLICATION, DISTRIBUTION, ETC. (IMPRINT) | |
| Place of publication, distribution, etc | दिल्ली |
| Name of publisher, distributor, etc | चेतना प्रकाशन |
| Date of publication, distribution, etc | 2007 |
| 270 ## - ADDRESS | |
| Address | आत्माराम बिल्डिंग, 1376,कश्मीरी गेट |
| City | दिल्ली |
| Postal code | 110006 |
| 300 ## - PHYSICAL DESCRIPTION | |
| Extent | 79 पृ |
| Other physical details | सचित्र |
| Dimensions | 24सेमी (सजिल्द) |
| 650 ## - SUBJECT ADDED ENTRY--TOPICAL TERM | |
| Topical term or geographic name as entry element | कहानियाँ |
| 9 (RLIN) | 937 |
| 650 ## - SUBJECT ADDED ENTRY--TOPICAL TERM | |
| Topical term or geographic name as entry element | बाल कहानियाँ |
| 9 (RLIN) | 1328 |
| 650 ## - SUBJECT ADDED ENTRY--TOPICAL TERM | |
| Topical term or geographic name as entry element | children Stories |
| 9 (RLIN) | 34222 |
| 942 ## - ADDED ENTRY ELEMENTS (KOHA) | |
| Institution code [OBSOLETE] | dpl |
| Item type | Children Books |
| Call number prefix | |
| Source of classification or shelving scheme | Dewey Decimal Classification |
| Classification part | क |
| Call number suffix | आनन्द |
| Withdrawn status | Lost status | Source of classification or shelving scheme | Damaged status | Not for loan | Collection code | Home library | Current library | Date acquired | Source of acquisition | Cost, normal purchase price | Total Checkouts | Full call number | Barcode | Date last seen | Copy number | Cost, replacement price | Koha item type |
|---|---|---|---|---|---|---|---|---|---|---|---|---|---|---|---|---|---|
| Dewey Decimal Classification | Fiction | Katevara | Katevara | 02/09/2011 | उपहार | 100.00 | क आनन्द | G-001186 | 02/09/2011 | 1 | 100.00 | Children Books |
